000 00759cam a2200289 4500
008 090401t1995 xxu||||| |||| 00| 0 eng d
020 _a0860174093
035 _a(Sirsi) u56450
041 _aeng
050 _a628.3
100 _aButler, David
245 _aSediment management in urban drainage catchments.
260 _aLondon
_bCIRIA
_c1995
300 _aix,93p. : ill. ; 30cm.
350 _a52
490 _aCIRIA Report
_v134
650 _aDRAINAGE
650 _aDRAINS
650 _aFLOODING
650 _aSEWERAGE
650 _aSEWERS
690 _aENVIRONMENTAL AND LAND CONSULTANCY
700 _aClark, Peter
710 _aConstruction Industry Research and Information Association
_94810
942 _n0
948 _c04/03/1997
999 _c93792
_d93792